[Event "St Petersburg-ch sf 85th"]
[Site "St Petersburg"]
[Date "2012.02.03"]
[Round "7.14"]
[White "Korennoi, Viktor"]
[Black "Dubovsky, Artyom"]
[Result "1-0"]
[WhiteElo "2251"]
[BlackElo "1976"]
[PlyCount "87"]
[EventDate "2012.01.28"]
[EventType "swiss"]
[EventRounds "9"]
[EventCountry "RUS"]
[SourceTitle "CBM 146 Extra"]
[Source "ChessBase"]
[SourceDate "2012.02.29"]
[SourceVersion "1"]
[SourceVersionDate "2012.02.29"]
[SourceQuality "1"]

1. d4 Nf6 2. c4 g6 3. Nc3 Bg7 4. e4 d6 5. Nf3 0-0 6. Be2 e5 7. 0-0 Nbd7 8. Re1 c6 9. Bf1 Ne8 10. Bg5 f6 11. Bh4 g5 12. Bg3 g4 13. Nh4 exd4 14. Ne2 c5 15. Bf4 Ne5 16. Nf5 Bxf5 17. exf5 Qd7 18. Ng3 h5 19. Bxe5 fxe5 20. Bd3 Nf6 21. Qd2 Qf7 22. Qg5 Rae8 23. Rac1 Rd8 24. Ne4 Qe8 25. Nxf6+ Rxf6 26. Be4 Rd7 27. Rcd1 Kh8 28. Rd3 Qf7 29. h3 Bh6 30. Qh4 Bf4 31. hxg4 Rh6 32. g5 Bxg5 33. Qxg5 Qg7 34. Rg3 b6 35. Qd2 Qf8 36. Rg6 Rdh7 37. Qg5 a5 38. f4 h4 39. Bd5 Rxg6 40. fxg6 Rh6 41. g7+ Qxg7 42. Qd8+ Kh7 43. Be4+ Rg6 44. Qxh4+ 1-0

[Event "St Petersburg-ch sf 85th"]
[Site "St Petersburg"]
[Date "2012.01.28"]
[Round "1.15"]
[White "Ganichev, Alexander"]
[Black "Dubovsky, Artyom"]
[Result "1-0"]
[WhiteElo "2275"]
[BlackElo "1976"]
[PlyCount "81"]
[EventDate "2012.01.28"]
[EventType "swiss"]
[EventRounds "9"]
[EventCountry "RUS"]
[SourceTitle "CBM 146 Extra"]
[Source "ChessBase"]
[SourceDate "2012.02.29"]
[SourceVersion "1"]
[SourceVersionDate "2012.02.29"]
[SourceQuality "1"]

1. e4 e6 2. d4 d5 3. Nc3 Bb4 4. Bd3 dxe4 5. Bxe4 Nf6 6. Bd3 Nbd7 7. Nf3 Nd5 8. Bd2 N7f6 9. 0-0 Nxc3 10. bxc3 Bd6 11. Qe2 0-0 12. Ne5 a6 13. Rad1 Qe7 14. Bg5 Qd8 15. Qf3 Be7 16. Qh3 g6 17. Rfe1 Nh5 18. Bh6 Ng7 19. Re3 Bd7 20. Ng4 Bh4 21. Ne5 Be7 22. Be4 Rb8 23. d5 Bc8 24. Qg3 f5 25. Bf3 f4 26. Bxf4 Nf5 27. Qh3 Nxe3 28. Bxe3 Bg5 29. dxe6 Qe7 30. Nd7 Bxe3 31. fxe3 Re8 32. Bd5 Ra8 33. Rf1 h5 34. Qg3 Qg7 35. Rf7 Qh6 36. Nf6+ Kh8 37. Nxe8 Bxe6 38. Qe5+ Kg8 39. Rg7+ Kf8 40. Qf6+ Kxe8 41. Qe7# 1-0

[Event "St Petersburg Autumn op"]
[Site "St Petersburg"]
[Date "2011.11.04"]
[Round "8"]
[White "Dubovsky, Artyom"]
[Black "Tskhadadze, Anna"]
[Result "1-0"]
[WhiteElo "1970"]
[BlackElo "1806"]
[PlyCount "95"]
[EventDate "2011.10.28"]
[EventType "swiss"]
[EventRounds "9"]
[EventCountry "RUS"]
[SourceTitle "EXT 2013"]
[Source "ChessBase"]
[SourceDate "2012.11.22"]
[SourceVersion "1"]
[SourceVersionDate "2012.11.22"]
[SourceQuality "1"]

1. e4 e5 2. Nf3 Nc6 3. d4 exd4 4. Nxd4 Nf6 5. Nxc6 bxc6 6. e5 Qe7 7. Qe2 Nd5 8. c4 Ba6 9. b3 Qe6 10. cxd5 Bxe2 11. dxe6 Bxf1 12. exd7+ Kxd7 13. Kxf1 Ke6 14. Bb2 Rd8 15. Ke2 g6 16. Nd2 Bh6 17. Nc4 Rd5 18. Rad1 Rhd8 19. g3 a5 20. f4 Ra8 21. Rd3 Bf8 22. Ba3 Bb4 23. Rhd1 Rad8 24. Bxb4 axb4 25. Ne3 Rxd3 26. Rxd3 Ra8 27. Rd2 h5 28. h3 Ra5 29. Kf3 Ra8 30. g4 Rh8 31. Ke4 hxg4 32. hxg4 Rh4 33. Rc2 Kd7 34. Rc4 Rh2 35. Nc2 Rg2 36. Kf3 Rd2 37. Nxb4 Rd1 38. Nxc6 Rd3+ 39. Ke4 Rg3 40. g5 Rg2 41. a4 Rb2 42. Rc3 Re2+ 43. Kf3 Rh2 44. Kg3 Rh8 45. a5 Ra8 46. b4 Kc8 47. b5 Kb7 48. Kg4 1-0

[Event "St Petersburg Autumn op"]
[Site "St Petersburg"]
[Date "2011.11.03"]
[Round "7"]
[White "Zhelobanov, Roman"]
[Black "Dubovsky, Artyom"]
[Result "1-0"]
[WhiteElo "1870"]
[BlackElo "1970"]
[PlyCount "142"]
[EventDate "2011.10.28"]
[EventType "swiss"]
[EventRounds "9"]
[EventCountry "RUS"]
[SourceTitle "EXT 2013"]
[Source "ChessBase"]
[SourceDate "2012.11.22"]
[SourceVersion "1"]
[SourceVersionDate "2012.11.22"]
[SourceQuality "1"]

1. e4 e6 2. d3 d5 3. Qe2 Nf6 4. g3 dxe4 5. dxe4 e5 6. Bg2 Nc6 7. c3 Bc5 8. Nf3 a5 9. 0-0 0-0 10. Nbd2 b6 11. Nb3 Ba6 12. c4 Bd6 13. Bg5 h6 14. Bd2 Qe7 15. Nc1 Bc5 16. Bc3 Rad8 17. Nb3 Nd4 18. Bxd4 exd4 19. Nxc5 Qxc5 20. Rfc1 Rfe8 21. Nd2 Bb7 22. Qd3 a4 23. h3 Qf8 24. Re1 c5 25. b3 a3 26. e5 Bxg2 27. Kxg2 Nd7 28. f4 Re6 29. Nf3 f6 30. exf6 Qxf6 31. Rxe6 Qxe6 32. Re1 Qf7 33. Qe4 Nf6 34. Qc6 Nd7 35. Kf2 Qf5 36. Re2 Rf8 37. Re7 Rf7 38. g4 Qc2+ 39. Re2 d3 40. Rxc2 dxc2 41. Qa8+ Nf8 42. Qxa3 Rxf4 43. Qc1 Ne6 44. Qxc2 Rxf3+ 45. Kg2 Nd4 46. Qe4 Rf6 47. b4 Ne6 48. a3 Kf8 49. Kg3 Ng5 50. Qa8+ Ke7 51. h4 Nf7 52. Qb7+ Kd8 53. Qd5+ Nd6 54. bxc5 bxc5 55. a4 Ke7 56. Qxc5 Kd7 57. Qd5 Kc7 58. a5 Nb7 59. g5 hxg5 60. hxg5 Rc6 61. Qf7+ Kb8 62. Qxg7 Rxc4 63. Qh8+ Ka7 64. g6 Nd6 65. Qe5 Ne4+ 66. Kf3 Nd2+ 67. Ke3 Nf1+ 68. Kd3 Rc8 69. Qe7+ Ka8 70. Qe4+ Ka7 71. Qd4+ Ka6 1-0

[Event "St Petersburg Autumn op"]
[Site "St Petersburg"]
[Date "2011.10.31"]
[Round "4"]
[White "Dubovsky, Artyom"]
[Black "Egorov, Daniil"]
[Result "1-0"]
[WhiteElo "1970"]
[BlackElo "1826"]
[PlyCount "71"]
[EventDate "2011.10.28"]
[EventType "swiss"]
[EventRounds "9"]
[EventCountry "RUS"]
[SourceTitle "EXT 2013"]
[Source "ChessBase"]
[SourceDate "2012.11.22"]
[SourceVersion "1"]
[SourceVersionDate "2012.11.22"]
[SourceQuality "1"]

1. e4 c5 2. Nc3 e6 3. g3 d5 4. d3 d4 5. Nce2 Nc6 6. Bg2 Nf6 7. f4 Be7 8. Nf3 0-0 9. 0-0 b5 10. Kh1 Qb6 11. h3 Rd8 12. Kh2 c4 13. e5 Nd5 14. dxc4 Ne3 15. Bxe3 dxe3 16. Qc1 bxc4 17. c3 Rb8 18. Nfd4 Bb7 19. Rb1 Bc5 20. Bxc6 Bxc6 21. Qxe3 Qb7 22. g4 Be4 23. Rbd1 Bd3 24. Rd2 Rd7 25. Rfd1 Rbd8 26. Kg3 Qb6 27. b4 Bxb4 28. Rb2 a5 29. a3 Qa7 30. axb4 axb4 31. Rxb4 Qa2 32. Nc1 Qa1 33. Qd2 Rxd4 34. cxd4 Qxd4 35. Nxd3 Qe4 36. Nf2 1-0

[Event "EU-chT Children 14 years old"]
[Site "St Constantin and Helena"]
[Date "2010.06.14"]
[Round "2.1"]
[White "Dubovsky, Artyom"]
[Black "Andonov, Georgi"]
[Result "1-0"]
[WhiteElo "1942"]
[BlackElo "1744"]
[PlyCount "35"]
[EventDate "2010.06.13"]
[EventType "team-swiss"]
[EventRounds "6"]
[EventCountry "BUL"]
[SourceTitle "EXT 2020"]
[Source "ChessBase"]
[SourceDate "2019.10.17"]
[SourceVersion "1"]
[SourceVersionDate "2019.10.17"]
[SourceQuality "1"]

1. e4 e6 2. d4 d5 3. e5 Bd7 4. Nf3 a6 5. a4 c5 6. c3 Nc6 7. Bd3 Qb6 8. dxc5 Bxc5 9. 0-0 a5 10. Nbd2 d4 11. cxd4 Bxd4 12. Nc4 Qc7 13. Nd6+ Ke7 14. Nxd4 Nxd4 15. Qg4 Nf5 16. Bxf5 h5 17. Qxg7 Nh6 18. Bg5# 1-0